[Event "14th EUR-ch"]
[Site "Legnica POL"]
[Date "2013.05.15"]
[Round "10"]
[White "Georgiev, Kiril"]
[Black "Bukavshin, Ivan"]
[Result "1/2-1/2"]
[WhiteElo "2657"]
[BlackElo "2520"]
[EventDate "2013.05.05"]
[PlyCount "120"]

1.d4 d5 2.c4 e6 3.Nf3 Nf6 4.g3 dxc4 5.Bg2 Bb4+ 6.Bd2 a5 7.O-O O-O 8.Qc2 
Bxd2 9.Nbxd2 b5 10.b3 cxb3 11.Nxb3 Bb7 12.Rfc1 Bd5 13.Nbd2 Na6 14.e4 Bb7 
15.Qd3 b4 16.e5 Nd5 17.Ne4 f5 18.exf6 Nxf6 19.Ne5 Bxe4 20.Bxe4 Nxe4 21.
Qxe4 Qd5 22.Qe3 Kh8 23.Rc2 Rad8 24.Nc6 Rd6 25.Rac1 a4 26.Qe2 b3 27.axb3 
axb3 28.Rc4 Nb8 29.Nb4 Qb5 30.Qb2 Na6 31.Nc6 Qd5 32.R1c3 Qe4 33.Re3 Qd5 
34.Rec3 Qe4 35.Rc1 Qd5 36.h4 Qf5 37.Ne5 Qe4 38.Nc6 Qf5 39.R4c3 Nb8 40.Ne5 
Nd7 41.Rf3 Qh5 42.Rxf8+ Nxf8 43.Kg2 Qf5 44.Rxc7 Qe4+ 45.Nf3 Kg8 46.Rc3 
Rxd4 47.Re3 Qb7 48.Rxb3 Qd5 49.Rb5 Rd2 50.Qb4 Rd4 51.Qb1 Rd1 52.Rxd5 Rxb1 
53.Rd8 Kf7 54.Ne5+ Ke7 55.Ra8 Rd1 56.g4 Ng6 57.Nc6+ Kf6 58.h5 Nf4+ 59.Kf3 
g5 60.hxg6 Nxg6 1/2-1/2

[Event "14th EUR-ch"]
[Site "Legnica POL"]
[Date "2013.05.15"]
[Round "10"]
[White "Danielian, Elina"]
[Black "Meier, Georg"]
[Result "1-0"]
[WhiteElo "2478"]
[BlackElo "2655"]
[EventDate "2013.05.05"]
[PlyCount "45"]

1.d4 e6 2.Nf3 Nf6 3.e3 b6 4.Bd3 Bb7 5.O-O d5 6.c4 dxc4 7.Bxc4 a6 8.b3 Nbd7
9.Bb2 Bd6 10.Nbd2 O-O 11.Qc2 c5 12.dxc5 Nxc5 13.Rfd1 h6 14.Bxf6 gxf6 15.b4
Nd7 16.Bxe6 fxe6 17.Qg6+ Kh8 18.Qxh6+ Kg8 19.Qg6+ Kh8 20.Nc4 Bxf3 21.Rd4 
f5 22.Qh6+ Kg8 23.Qxe6+ 1-0

[Event "14th EUR-ch"]
[Site "Legnica POL"]
[Date "2013.05.15"]
[Round "10"]
[White "Grigorian, Avetik"]
[Black "Kanarek, Marcel"]
[Result "1-0"]
[WhiteElo "2616"]
[BlackElo "2474"]
[EventDate "2013.05.05"]
[PlyCount "95"]

1.d4 Nf6 2.c4 d6 3.Nc3 e5 4.Nf3 Nbd7 5.g3 c6 6.Bg2 e4 7.Ng5 d5 8.h4 h6 9.
Nh3 Nb6 10.c5 Nbd7 11.b4 a6 12.Nf4 g6 13.f3 exf3 14.exf3 Bg7 15.Qe2+ Qe7 
16.Qxe7+ Kxe7 17.Be3 Re8 18.Kd2 Kf8 19.a4 h5 20.Nd3 Ng8 21.Bh3 Ne7 22.Rae1
Nf6 23.Bxc8 Raxc8 24.Ne5 Nf5 25.Bf2 Rcd8 26.Re2 Nd7 27.Nxd7+ Rxd7 28.Rxe8+
Kxe8 29.Kd3 Rd8 30.g4 hxg4 31.fxg4 Nh6 32.Rg1 f6 33.Be3 Kf7 34.b5 axb5 35.
axb5 Ra8 36.Bxh6 Bxh6 37.bxc6 bxc6 38.Rb1 Re8 39.Rb7+ Kf8 40.Rb6 Re3+ 41.
Kc2 Re6 42.Nxd5 Re2+ 43.Kd3 Rd2+ 44.Kc3 cxd5 45.g5 Rh2 46.gxh6 Rxh4 47.
Rb8+ Kf7 48.h7 1-0

[Event "14th EUR-ch"]
[Site "Legnica POL"]
[Date "2013.05.15"]
[Round "10"]
[White "Stachowiak, Kamil"]
[Black "Solak, Dragan"]
[Result "0-1"]
[WhiteElo "2468"]
[BlackElo "2602"]
[EventDate "2013.05.05"]
[PlyCount "64"]

1.d4 d6 2.Nf3 g6 3.c4 Bg7 4.Nc3 c5 5.e4 Qa5 6.h3 Nf6 7.Bd3 cxd4 8.Nxd4 Nc6
9.Nc2 Ne5 10.O-O Be6 11.Nd5 Nxd3 12.Qxd3 Nxd5 13.cxd5 Bd7 14.Nd4 O-O 15.
Bd2 Qa4 16.Bc3 Rfc8 17.Qd2 Rc7 18.b3 Qa6 19.Ba5 b6 20.Bc3 Rac8 21.Bb2 Qa5 
22.Rfd1 Qxd2 23.Rxd2 b5 24.Kf1 a5 25.Rb1 b4 26.Ke1 f5 27.f3 Kf7 28.Kd1 Bh6
29.Rf2 a4 30.bxa4 Be3 31.Re2 Bxa4+ 32.Ke1 f4 0-1

[Event "14th EUR-ch"]
[Site "Legnica POL"]
[Date "2013.05.15"]
[Round "10"]
[White "Macieja, Bartlomiej"]
[Black "Can, Emre"]
[Result "0-1"]
[WhiteElo "2600"]
[BlackElo "2471"]
[EventDate "2013.05.05"]
[PlyCount "73"]

1.d4 Nf6 2.c4 e6 3.Nf3 d5 4.Bg5 Nbd7 5.cxd5 exd5 6.e3 Be7 7.Nc3 O-O 8.Bd3 
c6 9.Qc2 Re8 10.O-O Nf8 11.h3 Be6 12.Rab1 Rc8 13.b4 a6 14.a4 Nh5 15.Bxe7 
Rxe7 16.b5 axb5 17.axb5 c5 18.dxc5 Rxc5 19.Qb2 Nf6 20.Na4 Rc8 21.Qd4 Ra8 
22.Nb6 Ra3 23.Rfd1 Rxd3 24.Rxd3 Bf5 25.Rbd1 Bxd3 26.Rxd3 Re4 27.Qc5 Ne6 
28.Qc8 Qxc8 29.Nxc8 Rb4 30.b6 Rb1+ 31.Kh2 g6 32.Ne5 Nc5 33.Ra3 Nfe4 34.f3 
Nd2 35.h4 f6 36.Ng4 Nc4 37.Ra2 0-1

[Event "14th EUR-ch"]
[Site "Legnica POL"]
[Date "2013.05.15"]
[Round "10"]
[White "Kulaots, Kaido"]
[Black "Pacher, Milan"]
[Result "1-0"]
[WhiteElo "2586"]
[BlackElo "2470"]
[EventDate "2013.05.05"]
[PlyCount "49"]

1.d4 d5 2.c4 c6 3.Nf3 Nf6 4.Qb3 e6 5.Bg5 Be7 6.e3 O-O 7.Bd3 h6 8.Bxf6 Bxf6
9.Nc3 Nd7 10.cxd5 exd5 11.h4 Re8 12.g4 Nf8 13.g5 hxg5 14.hxg5 Bxg5 15.Ne5 
Rxe5 16.dxe5 d4 17.O-O-O Be6 18.Qc2 Qa5 19.Ne4 Bh6 20.Nf6+ Kh8 21.Rdg1 Nd7
22.Bc4 Nxf6 23.exf6 Bf5 24.fxg7+ Kh7 25.Bd3 1-0

[Event "14th EUR-ch"]
[Site "Legnica POL"]
[Date "2013.05.15"]
[Round "10"]
[White "Grandelius, Nils"]
[Black "Donchenko, Alexander"]
[Result "1/2-1/2"]
[WhiteElo "2556"]
[BlackElo "2452"]
[EventDate "2013.05.05"]
[PlyCount "62"]

1.e4 d6 2.d4 Nf6 3.Nc3 g6 4.f4 Bg7 5.Nf3 c5 6.Bb5+ Bd7 7.e5 Ng4 8.Bxd7+ 
Qxd7 9.h3 cxd4 10.Qxd4 Nc6 11.Qd3 Nh6 12.Be3 Nf5 13.O-O-O O-O-O 14.Bf2 
dxe5 15.Qc4 Qe6 16.Nd5 Nd4 17.fxe5 Qxd5 18.Rxd4 Qxc4 19.Rxc4 Kb8 20.Re1 
Rd5 21.Bg3 Kc8 22.c3 Kd7 23.Rce4 Nd8 24.Bf2 Ne6 25.Ra4 a6 26.c4 Rc8 27.Kb1
Rd3 28.Kc2 Rd5 29.Kb1 Rd3 30.Kc2 Rd5 31.Kb1 Rd3 1/2-1/2

[Event "14th EUR-ch"]
[Site "Legnica POL"]
[Date "2013.05.15"]
[Round "10"]
[White "Khaetsky, Roman"]
[Black "Goganov, Alexei"]
[Result "0-1"]
[WhiteElo "2426"]
[BlackElo "2552"]
[EventDate "2013.05.05"]
[PlyCount "80"]

1.e4 c5 2.c3 Nf6 3.e5 Nd5 4.d4 cxd4 5.Nf3 Nc6 6.cxd4 d6 7.Bc4 e6 8.O-O Be7
9.Bd2 O-O 10.Nc3 Nb6 11.Bb3 dxe5 12.dxe5 Na5 13.Qe2 Nxb3 14.axb3 Bd7 15.
Rfd1 Bc6 16.Bg5 Qc7 17.Bxe7 Qxe7 18.Rd6 Rad8 19.Qd3 Nc8 20.Rd4 Bxf3 21.
gxf3 Rxd4 22.Qxd4 Rd8 23.Qf4 Qc7 24.Ne4 Ne7 25.Rc1 Nc6 26.Nd6 Qe7 27.Qe3 
Nxe5 28.Qxe5 Rxd6 29.Rc8+ Rd8 30.Rc7 Qb4 31.Qg5 Rd1+ 32.Kg2 h6 33.Qe3 Qb5 
34.Qe4 Qf1+ 35.Kg3 Qg1+ 36.Kh3 Rd8 37.Rxb7 Qxf2 38.Qf4 Qf1+ 39.Kg3 Qg1+ 
40.Kh3 Rd5 0-1

[Event "14th EUR-ch"]
[Site "Legnica POL"]
[Date "2013.05.15"]
[Round "10"]
[White "Kolosowski, Mateusz"]
[Black "Stocek, Jiri"]
[Result "0-1"]
[WhiteElo "2421"]
[BlackElo "2549"]
[EventDate "2013.05.05"]
[PlyCount "68"]

1.d4 Nf6 2.c4 e6 3.g3 d5 4.Nf3 Bb4+ 5.Bd2 Bd6 6.Bg2 O-O 7.O-O h6 8.Qc2 Nc6
9.c5 Be7 10.b4 a6 11.Bc3 Ne4 12.Nbd2 Nxc3 13.Qxc3 Bd7 14.e4 b6 15.exd5 
exd5 16.Ne5 Nxe5 17.dxe5 a5 18.bxa5 Bb5 19.Rfb1 Rxa5 20.Nb3 Ra4 21.Nd4 Rc4
22.Qd2 Ba4 23.cxb6 cxb6 24.Bf1 Bc5 25.Nb3 Bb4 26.Qb2 Bc3 27.Qa3 Bc6 28.
Bxc4 dxc4 29.Rd1 Bxa1 30.Rxd8 Rxd8 31.Qc1 Bb2 32.Qc2 cxb3 33.Qxb3 Bxe5 34.
Kf1 Bf6 0-1

[Event "14th EUR-ch"]
[Site "Legnica POL"]
[Date "2013.05.15"]
[Round "10"]
[White "Nedilko, Vasyl"]
[Black "Pap, Gyula"]
[Result "1/2-1/2"]
[WhiteElo "2396"]
[BlackElo "2539"]
[EventDate "2013.05.05"]
[PlyCount "36"]

1.d4 d5 2.c4 e6 3.Nc3 a6 4.cxd5 exd5 5.Nf3 c6 6.Qb3 Nf6 7.Bg5 h6 8.Bxf6 
Qxf6 9.e4 dxe4 10.Ne5 Nd7 11.Nxd7 Bxd7 12.Qxb7 Qd8 13.Be2 Rb8 14.Qxa6 Rb6 
15.Qc4 Rb4 16.Qa6 Rb6 17.Qc4 Rb4 18.Qa6 Rb6 1/2-1/2

[Event "14th EUR-ch"]
[Site "Legnica POL"]
[Date "2013.05.15"]
[Round "10"]
[White "Jaracz, Pawel"]
[Black "Diermair, Andreas"]
[Result "1-0"]
[WhiteElo "2527"]
[BlackElo "2431"]
[EventDate "2013.05.05"]
[PlyCount "107"]

1.d4 d5 2.c4 e6 3.Nc3 c6 4.e3 Nf6 5.b3 Bb4 6.Bb2 O-O 7.Bd3 c5 8.Nf3 cxd4 
9.exd4 b6 10.O-O Nc6 11.Qe2 Ba6 12.Rac1 Rc8 13.Nd1 Qe7 14.Ne3 dxc4 15.Nxc4
Rfd8 16.Rfd1 Nd5 17.g3 Bb7 18.a3 Bd6 19.b4 Bb8 20.Nce5 Bd6 21.h4 h6 22.Nc4
Nf6 23.Nce5 Nd5 24.Ba6 Bxe5 25.dxe5 Bxa6 26.Qxa6 Qd7 27.Nd2 Nce7 28.Ne4 
Rxc1 29.Rxc1 Rc8 30.Rxc8+ Nxc8 31.Qc4 Nce7 32.b5 Nf5 33.Qd3 Qc7 34.h5 Nfe7
35.Nd6 Qc5 36.Kg2 f5 37.exf6 Qxd6 38.fxe7 Qxe7 39.Qe4 Qd7 40.a4 Qe7 41.Qg6
Qd7 42.Kh2 Nb4 43.Be5 Nd5 44.Kh3 Nb4 45.f3 Nd5 46.g4 Qe7 47.Kg3 Kf8 48.Qh7
Nf6 49.Qd3 Kg8 50.Qd6 Qf7 51.Qc7 Nd7 52.Qxa7 Nxe5 53.Qb8+ Kh7 54.Qxe5 1-0

[Event "14th EUR-ch"]
[Site "Legnica POL"]
[Date "2013.05.15"]
[Round "10"]
[White "Petr, Martin"]
[Black "Kanter, Eduard"]
[Result "1/2-1/2"]
[WhiteElo "2523"]
[BlackElo "2418"]
[EventDate "2013.05.05"]
[PlyCount "113"]

1.e4 c5 2.Nf3 d6 3.d4 cxd4 4.Nxd4 Nf6 5.Nc3 g6 6.Be3 Bg7 7.f3 O-O 8.Qd2 
Nc6 9.g4 Be6 10.Nxe6 fxe6 11.O-O-O Ne5 12.Be2 Qc8 13.h4 Nc4 14.Bxc4 Qxc4 
15.Bh6 Ne8 16.Bxg7 Nxg7 17.Rh3 b5 18.Kb1 b4 19.Ne2 e5 20.h5 g5 21.b3 Qb5 
22.c4 bxc3 23.Nxc3 Qa5 24.Nd5 Qxd2 25.Rxd2 Kf7 26.Rh1 Rfc8 27.Rc1 Rxc1+ 
28.Kxc1 Rc8+ 29.Kb2 Ne6 30.Ne3 Nd4 31.Nf5 Nxf5 32.gxf5 Rg8 33.Rg2 e6 34.
fxe6+ Kxe6 35.Kc3 d5 36.exd5+ Kxd5 37.Kd3 h6 38.Ke3 Rc8 39.Rd2+ Ke6 40.Kf2
Rc3 41.Re2 Kf5 42.Kg2 Rd3 43.Rc2 g4 44.fxg4+ Kxg4 45.Rc4+ Kxh5 46.Rc5 Kg4 
47.Rxe5 Rd2+ 48.Kg1 Rxa2 49.Re6 h5 50.b4 a6 51.Re5 Ra4 52.Re6 h4 53.Rc6 
Ra3 54.Kh2 Ra2+ 55.Kg1 Ra4 56.Kh2 Kf3 57.Re6 1/2-1/2

[Event "14th EUR-ch"]
[Site "Legnica POL"]
[Date "2013.05.15"]
[Round "10"]
[White "Dragun, Kamil"]
[Black "Arngrimsson, Dagur"]
[Result "1-0"]
[WhiteElo "2520"]
[BlackElo "2390"]
[EventDate "2013.05.05"]
[PlyCount "79"]

1.d4 d5 2.c4 c6 3.Nf3 Nf6 4.Nc3 dxc4 5.a4 Bf5 6.Nh4 e6 7.Nxf5 exf5 8.e3 
Be7 9.Bxc4 O-O 10.Qc2 g6 11.O-O Nbd7 12.f3 Nb6 13.Bb3 c5 14.dxc5 Bxc5 15.
Kh1 Rc8 16.Bd2 Qe7 17.Rae1 Bd6 18.Bc1 Be5 19.Ba2 Qc7 20.Qf2 Bxh2 21.f4 Ng4
22.Qf3 h5 23.e4 Qe7 24.g3 Rfe8 25.Re2 fxe4 26.Nxe4 Qb4 27.f5 Kg7 28.Bd2 
Qe7 29.Bc3+ Rxc3 30.Nxc3 Qd7 31.Rxh2 Re3 32.Qf4 Qc6+ 33.Rg2 Re8 34.fxg6 f6
35.a5 Ne3 36.Qf3 Nxf1 37.Qxf1 h4 38.gxh4 Na4 39.Nd5 Rh8 40.Qe1 1-0

[Event "14th EUR-ch"]
[Site "Legnica POL"]
[Date "2013.05.15"]
[Round "10"]
[White "Minko, Vladimir"]
[Black "Blubaum, Matthias"]
[Result "0-1"]
[WhiteElo "2268"]
[BlackElo "2511"]
[EventDate "2013.05.05"]
[PlyCount "70"]

1.d4 d5 2.c4 c6 3.Nf3 Nf6 4.Qb3 dxc4 5.Qxc4 Bf5 6.g3 e6 7.Bg2 Nbd7 8.O-O 
Be7 9.Nc3 O-O 10.Re1 Ne4 11.Qb3 Qb6 12.Nh4 Bxh4 13.gxh4 Ndf6 14.f3 Nxc3 
15.bxc3 Qc7 16.e4 Bg6 17.c4 Nh5 18.Be3 Nf4 19.Bf1 Bh5 20.Qb2 Ng6 21.Qf2 f5
22.e5 f4 23.Bd2 Qe7 24.Bd3 Nxh4 25.Be4 Bg6 26.Bxg6 Nxg6 27.Rab1 Rf7 28.Bb4
Qg5+ 29.Kh1 Qh5 30.d5 Re8 31.Rbd1 h6 32.Re4 cxd5 33.cxd5 exd5 34.Rxd5 Rxe5
35.Rd8+ Kh7 0-1

[Event "14th EUR-ch"]
[Site "Legnica POL"]
[Date "2013.05.15"]
[Round "10"]
[White "Deac, Bogdan-Daniel"]
[Black "Duda, Jan-Krzysztof"]
[Result "0-1"]
[WhiteElo "2183"]
[BlackElo "2506"]
[EventDate "2013.05.05"]
[PlyCount "114"]

1.d4 Nf6 2.c4 e6 3.Nf3 b6 4.g3 Ba6 5.Qb3 Nc6 6.Nbd2 Na5 7.Qc3 c5 8.dxc5 
bxc5 9.Bg2 Bb7 10.O-O Be7 11.Qc2 O-O 12.b3 d6 13.Bb2 h6 14.Rad1 Qb6 15.e3 
Nc6 16.Ne1 Nb4 17.Qb1 Rfd8 18.Bxb7 Qxb7 19.Nc2 Nd3 20.Bxf6 Bxf6 21.Na3 Nb2
22.Rde1 Qb4 23.Ne4 Qxa3 24.Nxf6+ gxf6 25.Re2 Nxc4 26.bxc4 Rab8 27.Qe4 Rb6 
28.Rd1 Qc3 29.Red2 Qe5 30.Qh4 h5 31.Qh3 Kf8 32.Qg2 Ke7 33.Qf3 Qg5 34.h4 
Qg4 35.Qxg4 hxg4 36.Rd3 Rb4 37.Rc1 a5 38.Rc2 f5 39.Kg2 Kf6 40.f4 a4 41.Kf2
Ke7 42.Ke2 Rdb8 43.Rd1 Kd7 44.Kd2 Kc6 45.Kc3 d5 46.cxd5+ exd5 47.Kd3 Re4 
48.Rdc1 c4+ 49.Ke2 Kc5 50.Kf2 Re6 51.Ke2 a3 52.Kd2 Rb2 53.Re1 d4 54.exd4+ 
Kxd4 55.Rh1 Re2+ 56.Kxe2 Rxc2+ 57.Kd1 Rxa2 0-1

[Event "14th EUR-ch"]
[Site "Legnica POL"]
[Date "2013.05.15"]
[Round "10"]
[White "Michiels, Bart"]
[Black "Pasiev, Rakhim"]
[Result "1-0"]
[WhiteElo "2505"]
[BlackElo "2379"]
[EventDate "2013.05.05"]
[PlyCount "75"]

1.d4 Nf6 2.c4 d6 3.Nf3 Nbd7 4.Nc3 e5 5.g3 c6 6.Bg2 Be7 7.O-O O-O 8.e4 Re8 
9.h3 a6 10.a4 a5 11.Be3 Bf8 12.Qc2 Qc7 13.Rad1 b6 14.d5 cxd5 15.cxd5 Ba6 
16.Rfe1 Nc5 17.Qb1 Qd7 18.b3 Rec8 19.Kh2 b5 20.axb5 Bxb5 21.Nxb5 Qxb5 22.
Nd2 Rab8 23.Rc1 Nfd7 24.Bf1 Qb7 25.Qa2 Ra8 26.Rb1 Be7 27.Rec1 Rf8 28.Qc2 
Rfb8 29.h4 Rc8 30.Bh3 Qa6 31.Qc4 Qb7 32.Qe2 Rc7 33.Ra1 Qb8 34.Rc3 Qb7 35.
Qd1 Rcc8 36.Qc2 Bd8 37.Nc4 Qb8 38.Bxc5 1-0

[Event "14th EUR-ch"]
[Site "Legnica POL"]
[Date "2013.05.15"]
[Round "10"]
[White "Romanyshyn, Oleh"]
[Black "Selbes, Tarik"]
[Result "1-0"]
[WhiteElo "2504"]
[BlackElo "2314"]
[EventDate "2013.05.05"]
[PlyCount "67"]

1.Nf3 Nf6 2.g3 g6 3.Bg2 Bg7 4.c4 O-O 5.O-O d6 6.d4 a6 7.b3 Nbd7 8.Bb2 Rb8 
9.Nbd2 e5 10.dxe5 Ng4 11.Qc2 Ngxe5 12.Nxe5 Nxe5 13.f4 Ng4 14.Bxg7 Kxg7 15.
h3 Nf6 16.e4 b5 17.Rac1 b4 18.Qb2 Kg8 19.c5 d5 20.Rfd1 Re8 21.exd5 Re2 22.
Qd4 Qe7 23.Rf1 Nxd5 24.Bxd5 Bxh3 25.Rf2 Rd8 26.Ne4 Rxf2 27.Kxf2 c6 28.Nf6+
Kf8 29.Nxh7+ Kg8 30.Nf6+ Kf8 31.Re1 Qa7 32.Nd7+ Kg8 33.Bxf7+ Kh7 34.Qf6 
1-0

[Event "14th EUR-ch"]
[Site "Legnica POL"]
[Date "2013.05.15"]
[Round "10"]
[White "Neverov, Valeriy"]
[Black "Pavlidis, Anastasios"]
[Result "1-0"]
[WhiteElo "2489"]
[BlackElo "2360"]
[EventDate "2013.05.05"]
[PlyCount "47"]

1.Nf3 Nf6 2.c4 g6 3.Nc3 Bg7 4.e4 d6 5.d4 O-O 6.Be2 e5 7.O-O Nc6 8.d5 Ne7 
9.Ne1 Nd7 10.f3 f5 11.g4 Kh8 12.Nd3 Ng8 13.Kh1 Bh6 14.Bxh6 Nxh6 15.Qd2 Nf7
16.gxf5 gxf5 17.f4 Nf6 18.fxe5 Nxe4 19.Nxe4 fxe4 20.e6 exd3 21.Rxf7 Rxf7 
22.exf7 Kg7 23.Rg1+ Kxf7 24.Bh5+ 1-0

[Event "14th EUR-ch"]
[Site "Legnica POL"]
[Date "2013.05.15"]
[Round "10"]
[White "Goluch, Piotr"]
[Black "Prizant, Jaroslav"]
[Result "1/2-1/2"]
[WhiteElo "2215"]
[BlackElo "2537"]
[EventDate "2013.05.05"]
[PlyCount "81"]

1.e4 c5 2.Nf3 e6 3.c3 Nc6 4.d4 d5 5.exd5 exd5 6.Be2 Bd6 7.dxc5 Bxc5 8.O-O 
Nf6 9.Bg5 Be6 10.Nbd2 O-O 11.Nb3 Bb6 12.Nbd4 h6 13.Bh4 g5 14.Bg3 Ne4 15.
Qd3 Bg4 16.Nxc6 bxc6 17.Nd4 Bxe2 18.Qxe2 Qf6 19.Rad1 Rfe8 20.Qf3 Qg6 21.h4
g4 22.Qf5 Qxf5 23.Nxf5 Kh7 24.Kh2 Kg6 25.f3 Nxg3 26.Nxg3 Bc7 27.fxg4 Re2 
28.Rf3 Rxb2 29.Rdf1 Rf8 30.Rf6+ Kg7 31.Rxc6 Bxg3+ 32.Kxg3 Rxa2 33.Rc7 Rc2 
34.Rf4 a5 35.h5 Rd2 36.Kh2 Re2 37.Rf5 Rd2 38.Rf4 Re2 39.Rf5 Rd2 40.Rf4 Re2
41.Rf5 1/2-1/2

[Event "14th EUR-ch"]
[Site "Legnica POL"]
[Date "2013.05.15"]
[Round "10"]
[White "Kriebel, Tadeas"]
[Black "Maiorov, Nikita"]
[Result "1/2-1/2"]
[WhiteElo "2388"]
[BlackElo "2535"]
[EventDate "2013.05.05"]
[PlyCount "119"]

1.e4 e5 2.Nf3 Nc6 3.Bb5 a6 4.Ba4 Nf6 5.O-O Be7 6.Re1 b5 7.Bb3 d6 8.c3 O-O 
9.h3 Nd7 10.d4 Bf6 11.a4 Bb7 12.d5 Ne7 13.Bc2 Nb6 14.b3 bxa4 15.bxa4 c6 
16.dxc6 Nxc6 17.Na3 Na5 18.Rb1 Bc6 19.Rb4 Qc7 20.Be3 Nd7 21.Nd2 Nc5 22.
Nac4 Nxc4 23.Nxc4 Rad8 24.a5 Qe7 25.Nb6 Bg5 26.Bb3 Bxe3 27.Rxe3 Qc7 28.Bd5
Bd7 29.Qh5 Be6 30.Rg3 Qe7 31.Qh6 g6 32.h4 Qf6 33.Rf3 Qg7 34.Qd2 Kh8 35.h5 
gxh5 36.Rg3 Qf6 37.Rf3 Qe7 38.Qh6 h4 39.Na4 Nxa4 40.Bxe6 Qxe6 41.Qxe6 fxe6
42.Rxf8+ Rxf8 43.Rxa4 Rc8 44.Rb4 d5 45.Rb6 Rxc3 46.Rxe6 dxe4 47.Rxa6 Ra3 
48.Rh6 Rxa5 49.Rxh4 Ra1+ 50.Kh2 Re1 51.Rh5 e3 52.fxe3 Rxe3 53.Kg1 Kg7 54.
Kf2 Re4 55.Kf3 Kg6 56.Kxe4 Kxh5 57.Kxe5 Kg5 58.Ke6 h5 59.Kf7 h4 60.Kg7 
1/2-1/2

[Event "14th EUR-ch"]
[Site "Legnica POL"]
[Date "2013.05.15"]
[Round "10"]
[White "Airapetian, Yury"]
[Black "Schroll, Gerhard"]
[Result "1-0"]
[WhiteElo "2498"]
[BlackElo "2387"]
[EventDate "2013.05.05"]
[PlyCount "114"]

1.d4 e6 2.c4 f5 3.Nf3 Nf6 4.g3 d5 5.Bg2 c6 6.O-O Bd6 7.b3 Qe7 8.Bb2 b6 9.
Qc1 Bb7 10.Ba3 Nbd7 11.Bxd6 Qxd6 12.Qf4 Qxf4 13.gxf4 Ke7 14.Ne5 Rhc8 15.
Nd2 a5 16.Rfc1 c5 17.Nxd7 Nxd7 18.dxc5 Rxc5 19.cxd5 Bxd5 20.Rxc5 bxc5 21.
Nc4 a4 22.Rd1 axb3 23.axb3 Nf6 24.Bxd5 Nxd5 25.e3 Ra2 26.Ne5 Rb2 27.Rc1 
Rxb3 28.Rxc5 Rb7 29.Ra5 Rc7 30.Ra8 Nf6 31.Ra6 Nd7 32.Nc6+ Kf6 33.Nd4 Nc5 
34.Rb6 h6 35.h4 Kf7 36.Kg2 Kf6 37.h5 Re7 38.Rc6 Nd7 39.Rd6 Nf8 40.Rd8 Kf7 
41.Nc6 Rc7 42.Ne5+ Ke7 43.Ra8 Nh7 44.Ra6 Nf8 45.Kh3 Ke8 46.Kh4 Ke7 47.Ra8 
Nh7 48.Ra6 Nf8 49.f3 Nh7 50.Ng6+ Kd7 51.e4 Nf6 52.e5 Ne8 53.Nf8+ Ke7 54.
Nxe6 Rc1 55.Nd4 Rh1+ 56.Kg3 Rxh5 57.Ra7+ Kf8 1-0

[Event "14th EUR-ch"]
[Site "Legnica POL"]
[Date "2013.05.15"]
[Round "10"]
[White "Tratar, Marko"]
[Black "Vedder, Henk"]
[Result "1/2-1/2"]
[WhiteElo "2498"]
[BlackElo "2368"]
[EventDate "2013.05.05"]
[PlyCount "84"]

1.d4 e6 2.c4 Bb4+ 3.Bd2 Bxd2+ 4.Qxd2 b6 5.Nc3 Bb7 6.e4 Nh6 7.Bd3 f5 8.d5 
O-O 9.Nge2 fxe4 10.Bxe4 Qf6 11.O-O Na6 12.g3 Nc5 13.Bg2 a5 14.b3 Nf5 15.
Rad1 Nd6 16.Nd4 Rae8 17.Ndb5 Nxb5 18.Nxb5 Rc8 19.dxe6 dxe6 20.Bxb7 Nxb7 
21.Qe3 Nc5 22.Rfe1 e5 23.Re2 e4 24.Nc3 Rce8 25.Nd5 Qe5 26.Nf4 c6 27.h4 Nd3
28.Nxd3 exd3 29.Qxe5 dxe2 30.Qa1 exd1=Q+ 31.Qxd1 Rd8 32.Qe2 Rf6 33.Kg2 h6 
34.h5 c5 35.Kh3 Kf7 36.f4 Re6 37.Qc2 Kg8 38.Kg4 Rf6 39.Qe4 Rd2 40.Qe8+ Kh7
41.Qe4+ Kg8 42.Qe8+ Kh7 1/2-1/2

[Event "14th EUR-ch"]
[Site "Legnica POL"]
[Date "2013.05.15"]
[Round "10"]
[White "Ernst, Thomas"]
[Black "Wagner, Dennis"]
[Result "1-0"]
[WhiteElo "2387"]
[BlackElo "2487"]
[EventDate "2013.05.05"]
[PlyCount "119"]

1.e4 e5 2.Nf3 Nc6 3.Bb5 a6 4.Ba4 Nf6 5.O-O Be7 6.Re1 b5 7.Bb3 d6 8.c3 O-O 
9.h3 Nb8 10.d4 Nbd7 11.Nbd2 Bb7 12.Bc2 Re8 13.Nf1 Bf8 14.Ng3 g6 15.a4 Bg7 
16.Bd3 c6 17.Bg5 Nf8 18.Qc2 Ne6 19.Be3 Nd7 20.Red1 Qc7 21.Bf1 Rac8 22.Qd2 
Red8 23.Ng5 Ndf8 24.Nf3 exd4 25.cxd4 d5 26.e5 Nd7 27.Bh6 Bh8 28.Ng5 Ndf8 
29.b4 Re8 30.Nxe6 Nxe6 31.Ra3 Qe7 32.axb5 cxb5 33.Be3 Bg7 34.Rb3 Qh4 35.
Kh2 f6 36.f4 fxe5 37.fxe5 Rc7 38.Be2 Rec8 39.Bg4 Qe7 40.Rb2 Rc4 41.Rf1 Rf8
42.Bxe6+ Qxe6 43.Rbb1 Rxf1 44.Rxf1 Qe7 45.Bg5 Qxb4 46.Qf4 Qf8 47.Qh4 Qe8 
48.Bh6 Bxh6 49.Qxh6 Rc7 50.Rf6 a5 51.Qg5 Kh8 52.h4 Rg7 53.h5 a4 54.Rd6 Rd7
55.h6 Rxd6 56.exd6 Qd7 57.Nf5 gxf5 58.Qg7+ Qxg7 59.hxg7+ Kxg7 60.d7 1-0

[Event "14th EUR-ch"]
[Site "Legnica POL"]
[Date "2013.05.15"]
[Round "10"]
[White "Erturan, Yakup"]
[Black "Muzychuk, Mariya"]
[Result "0-1"]
[WhiteElo "2386"]
[BlackElo "2483"]
[EventDate "2013.05.05"]
[PlyCount "106"]

1.d4 Nf6 2.c4 e6 3.Nf3 c5 4.g3 cxd4 5.Nxd4 d5 6.Bg2 e5 7.Nf3 e4 8.Nd4 dxc4
9.Qa4+ Bd7 10.Qxc4 Na6 11.Nc3 Rc8 12.Qb3 Nc5 13.Qd1 Be7 14.O-O O-O 15.Nb3 
Re8 16.Be3 b6 17.Rc1 h6 18.h3 Na4 19.Nxa4 Bxa4 20.Qxd8 Rexd8 21.Rxc8 Rxc8 
22.Rc1 Rxc1+ 23.Nxc1 Bc6 24.Nb3 Bd5 25.Bd4 Nd7 26.h4 g6 27.Nd2 f5 28.b3 
Kf7 29.e3 Nc5 30.f3 exf3 31.Nxf3 Ke6 32.Bg7 Bxf3 33.Bxf3 h5 34.Be2 Bd6 35.
Bc4+ Ke7 36.Kg2 Ne4 37.Bd3 Nxg3 38.Kf3 Ne4 39.Bh6 Nc3 40.Bg5+ Kd7 41.Bc4 
Ke8 42.a4 Be7 43.Bf4 Bxh4 44.Bb8 a5 45.Bc7 Bd8 46.Bxd8 Kxd8 47.Be6 Ne4 48.
Bxf5 Nd2+ 49.Kg3 Nxb3 50.Bxg6 Nc5 51.Bxh5 Nxa4 52.Kg4 Ke7 53.Kg5 Nc3 0-1

[Event "14th EUR-ch"]
[Site "Legnica POL"]
[Date "2013.05.15"]
[Round "10"]
[White "Petrisor, Adrian-Marian"]
[Black "Fodor, Tamas jr"]
[Result "1/2-1/2"]
[WhiteElo "2378"]
[BlackElo "2475"]
[EventDate "2013.05.05"]
[PlyCount "69"]

1.e4 e6 2.d4 d5 3.Nc3 Bb4 4.e5 Ne7 5.Bd2 c5 6.Nce2 Bxd2+ 7.Qxd2 cxd4 8.f4 
Nbc6 9.Nf3 Qb6 10.O-O-O Nf5 11.Nexd4 Nfxd4 12.Nxd4 Nxd4 13.Qxd4 Qxd4 14.
Rxd4 Bd7 15.h4 h5 16.Rh3 Ke7 17.Rg3 g6 18.Kd2 Rhc8 19.Rb4 Rc7 20.Rbb3 Rac8
21.Rgc3 Bc6 22.Ke3 Kd8 23.Ra3 b6 24.Kd4 Rb8 25.b4 a5 26.b5 Bb7 27.Rxc7 
Kxc7 28.Rc3+ Kd7 29.a4 Rh8 30.g3 Ba8 31.Bg2 Bb7 32.Bf1 Ba8 33.Bg2 Bb7 34.
Bf1 Ra8 35.Bg2 1/2-1/2

[Event "14th EUR-ch"]
[Site "Legnica POL"]
[Date "2013.05.15"]
[Round "10"]
[White "Petenyi, Tamas"]
[Black "Stanciu, Alexandru-Ovidiu"]
[Result "1-0"]
[WhiteElo "2455"]
[BlackElo "2335"]
[EventDate "2013.05.05"]
[PlyCount "127"]

1.e4 e5 2.Nf3 Nc6 3.Bb5 a6 4.Ba4 Nf6 5.O-O Be7 6.Re1 b5 7.Bb3 d6 8.a4 Bd7 
9.d3 O-O 10.Nbd2 Na5 11.Ba2 c5 12.Nf1 b4 13.Bg5 Rb8 14.Bxf6 Bxf6 15.Bd5 g6
16.Ne3 h6 17.b3 Kh7 18.Qe2 Nc6 19.g3 Ne7 20.Bc4 a5 21.h4 h5 22.Kg2 Qc8 23.
Rh1 Kg7 24.Rag1 Ng8 25.Kf1 Nh6 26.Ke1 Bd8 27.Kd1 Ra8 28.Kc1 Ra7 29.Kb1 Rh8
30.Nh2 Kf8 31.f3 f5 32.Nd5 Be6 33.g4 fxg4 34.Ne3 g3 35.Rxg3 Rg7 36.Nhf1 
Kg8 37.Bxe6+ Qxe6 38.Nd5 Kh7 39.Nfe3 Rf8 40.Qg2 Rf4 41.Rgh3 Rf8 42.Rg1 
Rff7 43.Rhh1 Rg8 44.Qg3 Rgf8 45.Rf1 Ng8 46.Rhg1 Nh6 47.f4 Ng4 48.f5 gxf5 
49.exf5 Rxf5 50.Rxf5 Rxf5 51.Nxf5 Qxf5 52.Ne3 Qf2 53.Nxg4 Qxg3 54.Rxg3 
hxg4 55.Rxg4 Kh6 56.Rg8 Bxh4 57.Ra8 d5 58.Rxa5 Bf2 59.Ra8 Kg5 60.a5 c4 61.
a6 Kf4 62.Rf8+ Kg3 63.Rxf2 Kxf2 64.a7 1-0

[Event "14th EUR-ch"]
[Site "Legnica POL"]
[Date "2013.05.15"]
[Round "10"]
[White "Mammadov, Zaur"]
[Black "Maevsky, Nikolay"]
[Result "1-0"]
[WhiteElo "2442"]
[BlackElo "2323"]
[EventDate "2013.05.05"]
[PlyCount "111"]

1.e4 c6 2.c4 e5 3.Nf3 Qa5 4.Be2 Nf6 5.Nc3 Bb4 6.Qc2 O-O 7.O-O Re8 8.a3 
Bxc3 9.dxc3 d6 10.Bg5 Nbd7 11.Rad1 Qc7 12.b4 a6 13.Bh4 a5 14.Rd2 axb4 15.
axb4 c5 16.b5 Re6 17.Rfd1 b6 18.Ne1 Bb7 19.f3 Nf8 20.Bf1 Ng6 21.Bf2 Rd8 
22.Qb3 Ree8 23.Nc2 Bc8 24.Ne3 Be6 25.Ra2 Ra8 26.Rda1 Rxa2 27.Qxa2 Rb8 28.
g3 Ne7 29.h4 h5 30.Kh2 Bc8 31.Qd2 Be6 32.Bg2 Rd8 33.Ra4 Rb8 34.Bf1 Rb7 35.
Qa2 Bc8 36.Be1 Rb8 37.Bd2 Bb7 38.Bh3 Qd8 39.Nd1 Nh7 40.Nb2 f5 41.exf5 Bxf3
42.Qb1 Nf6 43.Bg5 Qd7 44.Nd1 Be4 45.Qa2 Bxf5 46.Ra7 Rb7 47.Ra8+ Kh7 48.
Bxf6 gxf6 49.Bg2 Rc7 50.Ne3 Bg6 51.Qf2 f5 52.Rb8 e4 53.Rxb6 Rb7 54.Rxb7 
Qxb7 55.Qf4 Qd7 56.Bh3 1-0